Los retos de las organizaciones no lucrativas : claves para el fortalecimiento institucional del tercer sector /

Contenido: El fortalecimiento del tercer sector; 2. La colaboración entre empresas y organizaciones no lucrativas: hacia la empresa ciudadana; 3. La colaboración entre administraciones públicas y organizaciones no lucrativas: hacia una sociedad relacional; 4. La colaboración entre administraciones p...

وصف كامل

محفوظ في:
التفاصيل البيبلوغرافية
مؤلفون آخرون: Vernis, Alfred (autor) (autor), Sebastián, Luis de (prólogo) (prólogo), Puig Picart, Toni (epílogo) (epílogo)
التنسيق: كتاب
اللغة:الإسبانية
منشور في: Barcelona, España : Granica, 2004, c2004
سلاسل:(Management Granica)
الموضوعات:
الوسوم: إضافة وسم
لا توجد وسوم, كن أول من يضع وسما على هذه التسجيلة!

MARC

LEADER 00000nam^a2200000^a^4500
001 000192954
005 20250521000000.0
009 20260310102626.483
020 |a 84-7577-717-1 
037 |a Acervo ITESO - Biblioteca 
041 |a ESP 
082 |a 658. 048  |b RET 
245 0 4 |a Los retos de las organizaciones no lucrativas :  |b claves para el fortalecimiento institucional del tercer sector /  |c A. Vernis... [et al.] ; pról. de L. de Sebastián ; epílogo de T. Puig Picart. 
264 4 |a Barcelona, España :  |b Granica,  |c 2004, c2004 
300 |a 286 p. 
336 |a texto  |b txt  |2 rdacontenido 
337 |a sin mediación  |b n  |2 rdamedio 
338 |a volumen  |b nc  |2 rdasoporte 
440 1 |a (Management Granica) 
520 |a Contenido: El fortalecimiento del tercer sector; 2. La colaboración entre empresas y organizaciones no lucrativas: hacia la empresa ciudadana; 3. La colaboración entre administraciones públicas y organizaciones no lucrativas: hacia una sociedad relacional; 4. La colaboración entre administraciones públicas y organizaciones no lucrativas: el reto inmediato; 5. Los diferentes elementos de la rendición de cuentas en las organizaciones no lucrativas; 6. Organos de gobierno y gobernabilidad en la ONL; 7. El equipo humano; 8. Consideraciones finales; Epílogo: aplicado el libro, fortalecimiento institucional para el movimiento hacia un mundo mejor. 
649 |a XX 
650 |a Instituciones de Beneficencia -  |x Administración 
650 |a Asociaciones Civiles -  |x Administración 
650 |a Sector Servicios 
650 |a Empresas -  |x Administración 
650 |a Empresa y Sociedad 
650 |a Exito Administrativo 
650 |a Desarrollo Organizacional 
650 |a Comunicación Organizacional 
650 |a Recursos Humanos 
650 |a Proceso Administrativo -  |x Dirección 
650 |a Administración Financiera 
650 |a Ciencias Administrativas 
700 |a Vernis, Alfred  |e (autor) 
700 |a Sebastián, Luis de  |e (prólogo) 
700 |a Puig Picart, Toni  |e (epílogo) 
910 |a Fondo General 
920 |a Impresos - Libros 
930 |a Colección General 
905 |a 101 
901 |a 0500137245  |b IT1  |c ACC  |u 20250521 
902 |a https://opac.biblio.iteso.mx/vufind/Record/000192954